| 000 | 00616nam a2200205 u 4500 | ||
|---|---|---|---|
| 005 | 20230330063732.0 | ||
| 008 | 140127s2007 mx r 000 0 spa d | ||
| 020 | _a9786071506139 | ||
| 035 | _aUPN01000195291 | ||
| 049 | _aCG | ||
| 050 | 4 |
_aHD58.7 _bN4.3 2007 |
|
| 100 | 1 |
_aNewstrom, John W. _935229 |
|
| 245 | 1 | 0 |
_aComportamiento humano en trabajo / _cJohn W. Newstrom ; tr. Miguel Angel Sánchez Carrión. |
| 250 | _a13 ed. | ||
| 260 |
_aMéxico : _bMcGraw-Hill, _cc2007 |
||
| 300 |
_axx, 547 p. : _bil. |
||
| 650 | 4 |
_aCambio organizacional _94984 |
|
| 650 | 2 |
_aSociología industrial _96555 |
|
| 905 | _aLibro | ||
| 999 |
_c167392 _d167392 |
||